Tiếng Việt và nhà văn hoá lớn Hồ Chí Minh

Giới thiệu và những tiền đề tiếng Việt thời đại Hồ Chí Minh. Nhà văn hoá lớn Hồ Chí Minh và tính quần chúng trong ngôn ngữ. Chiều sâu tư tưởng cách mạng và cấu trúc định danh mở rộng trong ngôn ngữ Hồ Chí Minh.

Gardado en:
Detalles Bibliográficos
Autor Principal: Nguyễn Lai
Formato: Libro
Idioma:Vietnamese
Publicado: H. Đại học Quốc gia Hà Nội 2003
Những chủ đề:
Các nhãn: Engadir etiqueta
Sen Etiquetas, Sexa o primeiro en etiquetar este rexistro!
Thư viện lưu trữ: Mạng thư viện Đại học Đà Nẵng
LEADER 01379nam a2200349 4500
001 000008740
003 4932
005 20111020081002.0
008 111020s2003 viesd
020 |c 20500đ 
041 0 |a vie 
082 |a 495.922  |b NG-L 
100 0 |a Nguyễn Lai 
245 0 |a Tiếng Việt và nhà văn hoá lớn Hồ Chí Minh  |c Nguyễn Lai 
260 |a H.  |b Đại học Quốc gia Hà Nội  |c 2003 
300 |a 210 tr  |c 21 cm 
520 |a Giới thiệu và những tiền đề tiếng Việt thời đại Hồ Chí Minh. Nhà văn hoá lớn Hồ Chí Minh và tính quần chúng trong ngôn ngữ. Chiều sâu tư tưởng cách mạng và cấu trúc định danh mở rộng trong ngôn ngữ Hồ Chí Minh. 
653 |a Hồ Chí Minh 
653 |a Ngôn ngữ 
653 |a Tiếng Việt 
653 |a Tính quần chúng 
910 |a Nguyễn Thị Kim Oanh  |d 20/10/2011 
OWN |a LSP 
AVA |a UDN50  |b LSP  |d 495.922 NG-L  |e available  |t Error 5001 Not defined in file expand_doc_bib_avail.  |f 5  |g 0  |h N  |i 0  |k 1 
999 |a From the UDN01 
AVA |a UDN50  |b LSP  |d 495.922 NG-L  |e available  |t Error 5001 Not defined in file expand_doc_bib_avail.  |f 5  |g 0  |h N  |i 0  |k 1 
TYP |a Monograph 
TYP |a Printed language 
980 |a Mạng thư viện Đại học Đà Nẵng